000 00194 a2200097 4500
001 49519
100 _aCollins
245 _aMoon stone
260 _aLondon
_bJ M Dent
_c
090 _c32048
_d32048
942 _aNUST-CAE
_cM
_c24501
999 _c284592
_d284592